[Event "Vrindavana MMT op"]
[Site "Mathura"]
[Date "2023.04.23"]
[Round "1"]
[White "Rakshit, Batra"]
[Black "Abid, Ali"]
[Result "0-1"]
[WhiteElo "1279"]
[BlackElo "2087"]
[PlyCount "70"]
[EventDate "2023.04.23"]
[EventType "swiss"]
[EventRounds "9"]
[EventCountry "IND"]
[SourceTitle "CBM 213 Extra"]
[Source "ChessBase"]
[SourceDate "2023.05.31"]
[SourceVersion "1"]
[SourceVersionDate "2023.05.31"]
[SourceQuality "1"]

1. c4 e5 2. Nc3 g6 3. g3 Bg7 4. Bg2 Nc6 5. e3 d6 6. Nge2 Nge7 7. 0-0 Be6 8. b3 d5 9. cxd5 Nxd5 10. a3 0-0 11. Bb2 Qd7 12. Re1 Rad8 13. b4 a6 14. Rc1 f6 15. Ne4 b6 16. Qc2 Nce7 17. d4 f5 18. Ng5 e4 19. Nf4 Nxf4 20. gxf4 c6 21. Bf1 Bd5 22. a4 h6 23. Nh3 b5 24. Kh1 Bf6 25. Be2 Kf7 26. Rg1 Rg8 27. Qc5 Nc8 28. axb5 axb5 29. Ra1 Be7 30. Qc3 Nb6 31. Ra6 Qb7 32. Rga1 Na4 33. R6xa4 bxa4 34. Rxa4 Ra8 35. Rxa8 Rxa8 0-1